Traduction de vocabulaire en anglais - Statistiques

Statistiques générales
  • Ce quiz a été pris 612 fois
  • Le résultat moyen est 13 sur 15
Statistiques - réponses
Hint Réponse % Correct
Nuit Night
100%
Lit Bed
99%
Livre Book
99%
Jour Day
99%
Ami Friend
98%
Table Table
98%
Ordinateur Computer
91%
Boite Box
90%
Chaise Chair
90%
Renard Fox
89%
Épouse Wife
88%
Grenouille Frog
82%
Histoire Story
76%
Météo Weather
71%
Echarpe Scarf
61%
Aucun quiz correspondant
Distribution des résultats
% des personnes avec chaque résultat
Percentile par nombre de réponses
Votre historique - résultats
Vous n’avez pas pris ce quiz